00512nam a22001337a 4500003000500000038001800005082000800023100002300031245017200054264003300226650001800259700004400277856005700321NUST aNusrat Nadeem a200 aAkhtar, Ahmad Raza aE-governance and Emerging Digital Platforms: Exploring Citizens’ Preferences for Online Public Grievances Redressal Systems (OPGRS) in Pakistan/cAhmad Raza Akhtar,  aIslamabad:bS3H NUST.c2025. aMS-Economics  aSupervisor: Dr. Muhammad Zahid Siddique uhttp://10.250.8.41:8080/xmlui/handle/123456789/54717